000 01085nam a2200301 a 4500
001 37766
003 BD-RjUL
005 20241127113118.0
008 150625s19661972ii a 001 0 eng
020 _a0852267606 (Pt-1)
_c: Rs.13.50
020 _a0852263554 (Pt-2)
_c: Rs.13.50
035 _a(BD-RjUL)37870
040 _aDLC
_cDLC
_dDLC
_dBD-RjUL
_beng
041 _aeng
082 0 0 _223
_a530
_bREP 1972
100 _aResnick, Robert.
_9156578
245 0 0 _aPhysics /
_cRobert Resnick, David Halliday.
260 _aNew Delhi :
_bWiley Eastern Private Ltd. ,
_c1960-1972
300 _a V :
_bill.;
_c22 cm.
500 _aFirst published in 1960 under title: Physics for students of science and engineering.
500 _a"Physics, part 2, is a revised printing of the second edition of Physics for students of science and engineering." In this part, Halliday's name appears first in the title page.
500 _aIncludes index.
505 _a Pt.1-- Pt.2 --
650 0 _aPhysics.
_9116968
700 1 _aHalliday, David.
_914453
942 _2ddc
_cBK
999 _c37766
_d37766